Minorías políticas y procesos mayoritarios : análisis de la legalidad y legitimidad del artículo 5º de la ley 24309 declarativa de la reforma constitucional de 1994 /
Guardado en:
| Autor Principal: | |
|---|---|
| Formato: | Libro |
| Idioma: | Spanish |
| Publicado: |
Ciudad Autónoma de Buenos Aires :
La Ley; Departamento de publicaciones UBA,
2014.
|
| Edición: | 1a. ed. |
| Series: | Colección Facultad de Derecho - Derecho Constitucional y Teoría del Estado
|
| Materias: | |
| Etiquetas: |
Agregar Etiqueta
Sin Etiquetas, Sea el primero en etiquetar este registro!
|
| LEADER | 00831nam a22001935a 4500 | ||
|---|---|---|---|
| 001 | DER.der012675 | ||
| 008 | 180615s2014####ag#||||||||||||||#||spa|| | ||
| 005 | 20240228125422.0 | ||
| 245 | 1 | 0 | |a Minorías políticas y procesos mayoritarios : |b análisis de la legalidad y legitimidad del artículo 5º de la ley 24309 declarativa de la reforma constitucional de 1994 / |c Jorge Alejandro Amaya. |
| 250 | |a 1a. ed. | ||
| 260 | |a Ciudad Autónoma de Buenos Aires : |b La Ley; Departamento de publicaciones UBA, |c 2014. | ||
| 300 | |a 394 p. | ||
| 020 | |a 9789870326793 | ||
| 100 | 1 | |a Amaya, Jorge Alejandro | |
| 830 | 0 | |a Colección Facultad de Derecho - Derecho Constitucional y Teoría del Estado | |
| 650 | 7 | |a CIENCIA POLITICA | |
| 650 | 7 | |a DERECHOS POLITICOS | |
| 650 | 7 | |a CONTROL DE CONSTITUCIONALIDAD | |
| 859 | |a DERECHO |b BIB. DERECHO |h 342.07 |i AMA |p 007528 | ||
